Starting and running a business : all-in-one for dummies (Record no. 86145)

MARC details
000 -LEADER
fixed length control field 01584 a2200301 4500
003 - CONTROL NUMBER IDENTIFIER
control field CBULib
005 - DATE AND TIME OF LATEST TRANSACTION
control field 20260123074546.0
008 - FIXED-LENGTH DATA ELEMENTS--GENERAL INFORMATION
fixed length control field 250505b |||||||| |||| 00| 0 eng d
020 ## - INTERNATIONAL STANDARD BOOK NUMBER
International Standard Book Number 9781119152156
040 ## - CATALOGING SOURCE
Original cataloging agency CBULib
Language of cataloging English
Transcribing agency CBULib
Description conventions rda
041 ## - LANGUAGE CODE
Language code of text/sound track or separate title eng
050 ## - LIBRARY OF CONGRESS CALL NUMBER
Classification number HD 62.5 Bar
100 ## - MAIN ENTRY--PERSONAL NAME
Personal name Barclay, Liz
9 (RLIN) 4518
Relator term Author
245 ## - TITLE STATEMENT
Title Starting and running a business : all-in-one for dummies
Statement of responsibility, etc / by Colin Barrow
250 ## - EDITION STATEMENT
Edition statement Third edition
260 ## - PUBLICATION, DISTRIBUTION, ETC. (IMPRINT)
Name of publisher, distributor, etc John Wiley & Sons Ltd,
Date of publication, distribution, etc 2017
Place of publication, distribution, etc Chichester, West Sussex :
300 ## - PHYSICAL DESCRIPTION
Extent xxii, 659 pages : illustrations
336 ## - CONTENT TYPE
Source rdacontent
Content type term Text |
Content type code txt
337 ## - MEDIA TYPE
Source rdamedia
Media type term Unmediated |
Media type code n
338 ## - CARRIER TYPE
Source rdacarrier
Carrier type term Volume
Carrier type code nc
490 ## - SERIES STATEMENT
Series statement For dummies
500 ## - GENERAL NOTE
General note Summary:Written by a team of business and finance experts, Starting & Running a Business All-In-One For Dummies is a complete guide to every aspect of setting up and growing a successful business. Featuring straight-talking advice on everything from business planning and marketing, managing staff and dealing with legal issues, to bookkeeping and taking care of tax obligations, this book is your one-stop guide to turning your business plans into profit. This amazing all-in-one guide brings together specialists in finance, bookkeeping, planning, marketing and sales, staffing, taxation and more, all of them eager to share their hard-won expertise with you<br/>
504 ## - BIBLIOGRAPHY, ETC. NOTE
Bibliography, etc Includes index.
650 #0 - SUBJECT ADDED ENTRY--TOPICAL TERM
9 (RLIN) 412
Topical term or geographic name as entry element MANAGEMENT
650 #0 - SUBJECT ADDED ENTRY--TOPICAL TERM
9 (RLIN) 421
Topical term or geographic name as entry element NEW BUSINESS ENTERPRISES--MANAGEMENT
700 ## - ADDED ENTRY--PERSONAL NAME
9 (RLIN) 4482
Personal name Barrow, Colin
Relator term Editor
942 ## - ADDED ENTRY ELEMENTS (KOHA)
Source of classification or shelving scheme
Koha item type MONOGRAPH
Holdings
Withdrawn status Lost status Source of classification or shelving scheme Damaged status Not for loan Collection code Permanent Location Current Location Shelving location Date acquired Source of acquisition Full call number Barcode Date last seen Copy number Price effective from Koha item type Cost, normal purchase price Inventory number
          CBU-Lusaka Campus CBU- LUSAKA CAMPUS CBU-MAIN LIBRARY, KITWE. General Stacks 12/11/2024 BOOK AID INTERNATIONAL HD 62.5 Bar 753208 12/11/2024 1 12/11/2024 MONOGRAPH    
          CBU-Lusaka Campus CBU- LUSAKA CAMPUS CBU-MAIN LIBRARY, KITWE. General Stacks 12/11/2024 BOOK AID INTERNATIONAL HD 62.5 Bar 753209 12/11/2024 2 12/11/2024 MONOGRAPH    
          Main Library Open Access Collection CBU-MAIN LIBRARY, KITWE. CBU-MAIN LIBRARY, KITWE. General Stacks 02/18/2025 BOOK AID INTERNATIONAL HD 62.5 Bar 753455 02/18/2025 3 02/18/2025 MONOGRAPH 29.99  
          Main Library Open Access Collection CBU-MAIN LIBRARY, KITWE. CBU-MAIN LIBRARY, KITWE. General Stacks 02/18/2025 BOOK AID INTERNATIONAL HD 62.5 Bar 753456 02/18/2025 4 02/18/2025 MONOGRAPH 29.99  
          Mpika Library Collection CBU-MPIKA LIBRARY, MPIKA CAMPUS. CBU-MAIN LIBRARY, KITWE. General Stacks 05/07/2025 Book Aid International HD 62.5 Bar 753524 05/07/2025 5 05/07/2025 MONOGRAPH   753524
          Mpika Library Collection CBU-MPIKA LIBRARY, MPIKA CAMPUS. CBU-MAIN LIBRARY, KITWE. General Stacks 05/07/2025 Book Aid International HD 62.5 Bar 753527 05/07/2025 6 05/07/2025 MONOGRAPH   753527